Compendio de lógica
Salvato in:
| Autore principale: | |
|---|---|
| Natura: | Libro |
| Lingua: | spagnolo |
| Pubblicazione: |
Ciudad de México
s.n
1986
|
| Soggetti: | |
| Tags: |
Aggiungi Tag
Nessun Tag, puoi essere il primo ad aggiungerne!!
|
MARC
| LEADER | 00000nam a2200000 a 4500 | ||
|---|---|---|---|
| 001 | UCX3321 | ||
| 003 | CL-VaPUC | ||
| 008 | 911024e19860000MX |||||||||||||||||spa|d | ||
| 082 | 0 | 4 | |a 189 |b JUA |2 21 |
| 100 | |a Juan de Santo Tomás |e autor |9 319466 | ||
| 245 | 1 | 0 | |a Compendio de lógica |
| 300 | |a 137 p | ||
| 942 | |c BK | ||
| 945 | |d 19911024 00:00:00 | ||
| 260 | |a Ciudad de México |b s.n |c 1986 | ||
| 650 | 0 | |a Filosofía medieval |9 256245 | |
| 650 | 0 | |a Lógica |9 256849 | |
| 583 | |a last modification |c 20120708 11:12:56 |k Rodrigo Vera | ||
| 999 | |c 224117 |d 224115 | ||
| 952 | |0 0 |1 0 |4 0 |6 189_000000000000000_JUA_1986 |7 0 |8 A |9 220521 |a BIBEDU |b BIBEDU |d 2019-11-15 |i 2892278 |o 189 JUA 1986 |p 2892278 |r 2019-11-15 |w 2019-11-15 |y BK |k FIL | ||